000 00768nam a2200241 i 4500
008
049 _aMAIN
090 0 _aHF5681.L2 MAC
100 1 _aMcFarland, Walter B.
245 1 0 _aManpower cost and performance measurement /
_cby Walter B. McFarland.
260 _aNew York :
_bNational Association of Accountants,
_cc1977.
300 _avi, 114 p. :
_bill. ;
_c23 cm.
440 _aNAA publication ; no. 7790
504 _aIncludes bibliographical references.
650 0 _aLabor costs
_xAccounting.
650 0 _aProductivity accounting.
650 0 _aManagerial accounting.
907 _a.b1023181x
_b15-02-07
_c15-02-07
003
005 20230123134358.0
040 _cNUST
942 _cBOOKS
_kHF5681.L2 MAC
999 _c164889
_d164889